Statistics for Lineups: UEFA Champions League Final 2020

Click here to take the quiz!

General Stats

  • This quiz has been taken 104 times
  • The average score is 17 of 24

Answer Stats

No.Player% Correct
1(C)Manuel Neuer
98%
7Kylian Mbappé
96%
10Neymar
94%
1Keylor Navas
93%
9Robert Lewandowski
89%
5Marquinhos
88%
32Joshua Kimmich
85%
25Thomas Müller
84%
29Kingsley Coman
83%
2(C)Thiago Silva
80%
19Alphonso Davies
79%
CoachThomas Tuchel
78%
18Leon Goretzka
75%
22Serge Gnabry
74%
3Presnel Kimpembe
73%
11Ángel Di María
71%
CoachHans-Dieter Flick
69%
27David Alaba
66%
17Jerome Boateng
66%
14Juan Bernat
50%
6Thiago Alcántara
50%
8Leandro Paredes
39%
4Thilo Kehrer
29%
21Ander Herrera
25%

Score Distribution

Percentile by Number Answered

Percent of People with Each Score

Your Score History

You have not taken this quiz